000 00803nas a2200253 4500
001 BR2017003008
003 BR-BrBNA
005 20231205131131.0
007 ta
008 230509b bl.|||p| |||| 00| 00por d
040 _aBR-BrBNA
_bpor
_cBiblioteca Nacional de Agricultura
041 _a(En)
072 _aF30
100 1 _aSousa, A.M. de
100 1 _aOliveira, M. do S.P. de
100 1 _aFarias Neto, J.T. de
245 1 _aGenetic divergence among white-type acai palm accessions base on morpho-agronomic characters
650 _aAÇAÍ
650 _aGENÉTICA VEGETAL
650 _aSELEÇÃO
773 0 _tPesquisa Agropecuária Brasileira (Brazil)
_xISSN 0100-204X
_g(Sep 2017), v. 52(9) p. 751-760
_wBR2017003008
909 _a202311
_bLúcia
_c55
_dLúcia Elande
942 _2AGRIS
_n0
_cANA
999 _c253190
_d253190